000
00268nam a22001097a 4500
008
160510b xxu||||| |||| 00| 0 eng d
020
_a
9780072974584
041
_a
eng
080
_a
61
245
_a
Computers in the medical office:
_c
Susan M.Sanderson;
942
_2
udc
_c
BK
999
_c
2002
_d
2002